00741 2200253 4500001002100000005001500021035002000036007000300056008004100059020002800100082001700128084002300145100001900168245010100187260003800288300002200326650002500348650002600373700001500399700001500414700001700429700001700446600002400463INLIS00000000001398520260416084202 a0010-0126000192ta260416 0 ind  a978-623-117-309-6 (PDF) a959.859 8476 a959.859 8476 MUH l0 aMuhlis Hadrawi1 aLontara Attoriolong Bone :bKearifan Sulawesi Selatan dalam Kronik Bugis /cMuhlis Hadrawi, dkk. aJakarta :bPerpusnas Press,c2024 a112 hlm. :bIlus. 4aAlih Bahasa -- Bugis 4aAlih Aksara -- Bugis0 aNazaruddin0 aMunasriana0 aSyamsul Arif0 aAndi Irfandi 4aKoleksi Naskah Kuno